000 00524nam a2200193Ia 4500
005 20250508150337.0
008 008 250505s9999 xx 000 0 eng d
037 _aTextual
040 _aFEDL
_beng
_cFEDL
041 _aeng
_2eng
084 _a370.3, WIL
_qFEDL
100 _aWilkes L
_9756454
245 0 _aTeach yourself to teach
260 _aLondon, UK
_bHodder and Stoughton Ltd
_c1946
300 _a194p
650 _aTeaching Technique
942 _cTEXL
_h370.3, WIL
999 _c1323106
_d1323106